All Minecraft Mobs (1.20) - Statistics

General Stats
  • This quiz has been taken 81 times
  • The average score is 60 of 85
Answer Stats
Answer % Correct
Chicken
98%
Ender Dragon
98%
Wither
98%
Cat
96%
Sheep
96%
Skeleton
96%
Zombie
96%
Pig
93%
Spider
93%
Wolf
93%
Cow
91%
Enderman
91%
Horse
91%
Cod
89%
Salmon
89%
Villager
89%
Creeper
87%
Donkey
87%
Ghast
87%
Mule
87%
Parrot
84%
Wither Skeleton
84%
Endermite
82%
Ocelot
82%
Piglin
82%
Pillager
82%
Blaze
80%
Shulker
80%
Tropical Fish
80%
Llama
78%
Husk
76%
Strider
76%
Axolotl
73%
Cave Spider
73%
Chicken Jockey
73%
Fox
73%
Frog
73%
Allay
71%
Bee
71%
Dolphin
71%
Guardian
71%
Hoglin
71%
Phantom
71%
Silverfish
71%
Spider Jockey
71%
Vex
71%
Warden
71%
Elder Guardian
69%
Goat
69%
Iron Golem
69%
Panda
69%
Pufferfish
69%
Skeleton Horse
69%
Slime
69%
Witch
69%
Bat
67%
Drowned
67%
Evoker
67%
Magma Cube
67%
Rabbit
67%
Zombie Villager
67%
Polar Bear
64%
Ravager
64%
Squid
62%
Stray
62%
Wandering Trader
62%
Camel
60%
Snow Golem
60%
Turtle
60%
Zoglin
60%
Zombified Piglin
60%
Piglin Brute
58%
Glow Squid
56%
Sniffer
56%
Vindicator
53%
Mooshroom
51%
Trader Llama
49%
Tadpole
47%
Bogged
42%
Armadillo
40%
Breeze
40%
Strider Jockey
40%
Skeleton Horseman
24%
Ravager Jockey
20%
Hoglin Jockey
16%
No matching quizzes found
Score Distribution
Percent of People with Each Score
Percentile by Number Answered
Your Score History
You have not taken this quiz